| 000 | 00533nam a2200145Ia 4500 | ||
|---|---|---|---|
| 008 | 211220s9999 xx 000 0 eng d | ||
| 041 | _aEnglish | ||
| 082 | _aRP.0339 | ||
| 100 |
_aPurohit, Mahesh C _uFoundation for public economics and policy research _vNew Delhi |
||
| 245 | 0 |
_aRevamping state excise duty Issues in policy and governance / _cMahesh C Purohit |
|
| 260 |
_aNew Delhi : _bIndian Council oF Social Science Research, _c2014 |
||
| 300 | _axiii, 110p. | ||
| 536 | _aIndian Council of Social Science Research | ||
| 942 | _cRP | ||
| 999 |
_c27185 _d27185 |
||